28兵庫県の市区町村(選択形式) - Statistics

General Stats
  • This quiz has been taken 40 times
  • The average score is 37 of 49
Answers on the Map
Answers color-coded by a green-red scale on the quiz's map according to % correct below.
 
Answer Stats
Answer % Correct
07:神戸市北区
96%
32:南あわじ市
96%
15:芦屋市
91%
01:神戸市東灘区
87%
11:尼崎市
87%
12:明石市
87%
13:西宮市
87%
14:洲本市
87%
22:宝塚市
87%
34:淡路市
87%
49:新温泉町
87%
02:神戸市灘区
83%
10:姫路市
83%
16:伊丹市
83%
18:豊岡市
83%
19:加古川市
83%
20:赤穂市
83%
27:三田市
83%
30:養父市
83%
46:上郡町
83%
48:香美町
83%
03:神戸市兵庫区
78%
08:神戸市中央区
78%
31:丹波市
78%
41:播磨町
78%
05:神戸市須磨区
74%
06:神戸市垂水区
74%
09:神戸市西区
74%
17:相生市
74%
23:三木市
74%
25:川西市
74%
29:丹波篠山市
74%
35:宍粟市
74%
37:たつの市
74%
24:高砂市
70%
36:加東市
70%
38:猪名川町
70%
43:福崎町
70%
47:佐用町
70%
04:神戸市長田区
65%
21:西脇市
65%
28:加西市
65%
44:神河町
65%
45:太子町
65%
33:朝来市
61%
40:稲美町
61%
26:小野市
57%
42:市川町
57%
39:多可町
48%
No matching quizzes found
Score Distribution
Percent of People with Each Score
Percentile by Number Answered
Your Score History
You have not taken this quiz